00846nam a2200241 i 4500001001000000003000900010005001700019007000300036008004100039040003000080041000800110082002700118245002900145264007300174300006300247336002700310337003300337338002800370650006300398650007900461650001700540710004700557000038228DO-SdBNP20260317091424.0ta130404s2007 dr ad 000 0 spa d aDO-SdBNPbspacBNPHUerda aspa 4a331.12bM553t 200622200aMercado de trabajo 2006. 1aSanto Domingo :bBanco Central de la República Dominicana,c2007?. a154, [14] páginas :bilustraciones, gráficos ;c21 cm. atextobtxt2rdacontent asin mediaciónbn2rdamedia avolumenbnc2rdacarrier 7aMercado de trabajozRepública Dominicanay20062LIBRUNAM 7aMercado de trabajozRepública Dominicanay2006vEstadísticas2LIBRUNAM 4aEmpleoy20062 aBanco Central de la República Dominicana